000 01151cam a22003373a 4500
001 3128
003 FISKH
005 20250327084755.0
008 910306s1971 nyuac j 000 0beng d
010 _a 2009666243
020 _a0590426605
020 _a9780590426602
035 _a(OCoLC)ocm23196248
035 _a(OCoLC)23196248
040 _aNRC
_cNRC
_dOCL
_dBAKER
_dEHH
_dBTCTA
_dYDXCP
_dOCLCG
_dQJB
_dJQD
_dDLC
_beng
042 _alccopycat
050 0 0 _aS417.C3
082 _a630.92
100 1 _aMoore, Eva.
245 1 4 _aThe story of George Washington Carver /
_cEva Moore ; illustrated with prints by Alexander Anderson and with photographs.
260 _aNew York :
_bScholastic,
_c1971.
300 _a96 pages :
_billustrations ;
_c20 cm.
440 0 _aScholastic biography
505 _aR
520 0 _aA biography of George Washington Carver, who born a slave, became one of America's most famous scientists.
521 8 _a700
_bLexile
521 8 _aR
_bRaz-Plus
600 1 0 _aCarver, George Washington,
_d1864?-1943
_vJuvenile literature.
906 _a7
_bcbc
_ccopycat
_d2
_encip
_f20
_gy-genrareb
942 _2ddc
_cBK
_n0
999 _c3128
_d3128